A textbook of zoology / (Record no. 3709)

MARC details
000 -LEADER
fixed length control field 00337nam a2200133 4500
001 - CONTROL NUMBER
control field 4478
005 - DATE AND TIME OF LATEST TRANSACTION
control field 20181127173502.0
090 00 - LOCALLY ASSIGNED LC-TYPE CALL NUMBER (OCLC); LOCAL CALL NUMBER (RLIN)
Classification number (OCLC) (R) ; Classification number, CALL (RLIN) (NR) 590 V655t 1988
100 00 - MAIN ENTRY--PERSONAL NAME
Personal name Vidyarthi R.D.
245 00 - TITLE STATEMENT
Title A textbook of zoology /
Remainder of title
Statement of responsibility, etc. R. D. Vidyarthi.
Medium
260 00 - PUBLICATION, DISTRIBUTION, ETC.
Place of publication, distribution, etc. New Delhi :
Name of publisher, distributor, etc. S.Chand & Company,
Date of publication, distribution, etc. 1988.
300 00 - PHYSICAL DESCRIPTION
Extent 756 p. ; 25 cm.
650 00 - SUBJECT ADDED ENTRY--TOPICAL TERM
Topical term or geographic name entry element Zoology.
General subdivision
Holdings
Withdrawn status Lost status Source of classification or shelving scheme Damaged status Not for loan Collection code Home library Current library Shelving location Serial Enumeration / chronology Inventory number Total Checkouts Full call number Barcode Date last seen Price effective from Koha item type
    Dewey Decimal Classification     Main TEST RTC Library RTC Library Main opac 7157   590 VID 30007234 27/11/2018 27/11/2018 Main
Royal Thimphu College || All Right Reserved